Museum and gallery education
Αποθηκεύτηκε σε:
| Κύριος συγγραφέας: | |
|---|---|
| Μορφή: | Βιβλίο |
| Γλώσσα: | English |
| Δημοσίευση: |
Leicester :
Leicester University Press,
1991
|
| Σειρά: | Leicester museum studies series
|
| Θέματα: | |
| Ετικέτες: |
Προσθήκη ετικέτας
Δεν υπάρχουν, Καταχωρήστε ετικέτα πρώτοι!
|
MARC
| LEADER | 00000nam a2200000 i 4500 | ||
|---|---|---|---|
| 001 | 1/74646 | ||
| 008 | 970904s1991 eng d | ||
| 020 | |a 0-7185-1761-X | ||
| 035 | |a 1994 |b 3 |c Χατζηνικήτα |l 10031884 | ||
| 040 | |a GR-MY-UA |b gre |e aacr | ||
| 041 | 0 | |a eng | |
| 082 | 0 | |a 069.15 | |
| 100 | 1 | |a Hooper-Greenhill, Eilean, |d 1945- | |
| 245 | 1 | 0 | |a Museum and gallery education / |c Eilean Hooper-Greenhill |
| 260 | |a Leicester : |b Leicester University Press, |c 1991 | ||
| 300 | |a 231 p. | ||
| 490 | 1 | |a Leicester museum studies series | |
| 650 | 0 | 0 | |a Museums |x Educational aspects. |
| 650 | 0 | 0 | |a Museums |x Management. |
| 830 | 0 | |a Leicester museum studies series | |
| 852 | |a INST |b RHODES |e 19970904 |h 069.15 HOO |p 005400005133 |q 005400005133 |t BK |y 0 | ||
| 909 | |a Ρ |b 036470 |c 1994 | ||